000 00484nam a2200181Ia 4500
008 151202s9999||||xx |||||||||||||| ||und||
082 _bPNVM-51434
100 _aशेळके शांता.
245 _aप्रेमिक.
260 _b---
260 _c51434
300 _a0
600 _aशेळके शांता.
630 _aप्रेमिक.
700 _aशेळके शांता.
730 _aप्रेमिक.
942 _cBOOK
999 _c1317974
_d1317971